All Hamilton Songs - Statistics

General Stats
  • This quiz has been taken 49,620 times
  • The average score is 35 of 46
Answer Stats
# Song Title % Correct
1 Alexander Hamilton
98%
3 My Shot
92%
2 Aaron Burr, Sir
90%
11 Satisfied
88%
5 The Schuyler Sisters
88%
10 Helpless
87%
7 You'll Be Back
84%
38 Burn
83%
4 The Story of Tonight
83%
12 The Story of Tonight (reprise)
82%
25 Cabinet Battle #1
81%
30 Cabinet Battle #2
81%
18 Guns and Ships
81%
27 Say No to This
80%
15 Ten Duel Commandments
80%
22 Dear Theodosia
79%
46 Who Lives Who Dies Who Tells Your Story
79%
23 Non-Stop
78%
8 Right Hand Man
77%
13 Wait for It
77%
24 What'd I Miss
77%
9 A Winter's Ball
76%
37 The Reynolds Pamphlet
76%
28 The Room Where It Happens
76%
20 Yorktown (The World Turned Upside Down)
75%
6 Farmer Refuted
74%
36 Hurricane
73%
41 It's Quiet Uptown
73%
14 Stay Alive
71%
26 Take a Break
71%
40 Stay Alive (reprise)
70%
31 Washington on Your Side
69%
19 History Has Its Eyes on You
68%
42 The Election of 1800
68%
21 What Comes Next
68%
32 One Last Time
67%
45 The World Was Wide Enough
67%
33 I Know Him
66%
43 Your Obedient Servant
65%
44 Best of Wives and Best of Women
64%
16 Meet Me Inside
64%
35 We Know
64%
17 That Would Be Enough
63%
34 The Adams Administration
63%
39 Blow Us All Away
61%
29 Schuyler Defeated
59%
No matching quizzes found
Score Distribution
Percent of People with Each Score
Percentile by Number Answered
Your Score History
You have not taken this quiz